000 00346nam a2200121 i 4500
001 bg
245 0 _aMiędzynarodowa konferencja naukowa stowarzyszeń nauk-tech. pt."Przygotowanie i doskonalenie kadr kierowniczych".
260 _aWarszawa,
_c1979.
040 _cBPK
041 _apol
942 _cKS
008 s pl f |000 0 pol
999 _c18297
_d18297
856 _uhttp://koha.tu.koszalin.pl/cgi-bin/koha/opac-detail.pl?biblionumber=18297
_yKatalog online BPK